000 00890nab a22001817u 4500
003 EC-PaCDF
008 060603t20012001||||||||||||||||||||spa||
020 _cNormal
041 _aspa
082 _a598.944
_a598.944
100 _aParker, P., Bollmer, J., Whiteman, N., Bednarz, J., Levenstein, K., de Vries, T., Lara, A., Jimenez, P.
245 _aDiferenciación poblacional y demografía en el gavilán de Galápagos (Buteo galapagoensis).
_b
_c
260 _aPuerto Ayora, Ecuador
_bEstación Científica Charles Darwin
_c2001
300 _a: 1-6.
_bArtículo
520 _aReporte de Salida al Campo, Parque Nacional Galápagos
546 _aSpanish
653 _aDiferenciación poblacional y demografía en el gavilán de Galápagos (Buteo galapagoensis).
_aButeo galapagoensis, Galápagos hawk, population, demography
_aButeo galapagoensis, Gavilán de Galápagos, población, demografía
999 _c8050
_d8050